01457nam a2200253Ia 4500001056900000002005100569008003700620010001100657530002200668583002900690650004500719650003900764650003000803650002700833650005400860650004600914650003600960650003300996700004501029700003701074700005401111942001901165999001901184IA_The study also takes into account that organic products are being developed in the Laguna Blanca S. P. R. of R. L. company. They involve the use of the byproducts created by the rice processing (Husk, powder, impurities, vains and ash), is given an aggregate value. This means that products are recycled into the field to contribute to the improvement of the land and thus obtain good-quality organic products with acceptable yields and lower production costs because it is not necessary to purchase some inputs to create organic products incorporate into the soil.ELABORACION DE NUEVOS PRODUCTOS ORGANICOS PARA CON220117s xx 000 0 und d a184154 aDisponible en PDF a1 ej. Imp. ; 2 ej. en CD aArrozxControl de enfermedades 9156450 aArrozxControl de plagas 9156451 aBiofertilizantes 912734 aBiofertilizers9156452 aFertilizantes orgánicosxProducción 9156453 aOrganic fertilizersxProduction 9156454 aRicexDisease Control 9156455 aRicexPest control 9156456 aAscencio Rivera, Rogelio, asesor91636901 aPonce Hernández, Pedro9147918 aReyna Izaguirre, Diana América, asesor 9163691 cTESIS R49 2010 c184154d184154